00000000nam 2200000zi 4500
0019.947316
003CaOODSP
00520250123135431
006m     o  d f      
007cr |||||||||||
008250123e197710  onc     os   f000 0 fre d
040 |aCaOODSP|bfre|erda|cCaOODSP
043 |an-cn---
0861 |aId46-29/1977-1F-PDF
24500|aProfil des cadres de l'industrie canadienne de la chaussure : |brésumé.
264 1|a[Ottawa] : |bMinistère de l'industrie et du commerce, |coctobre 1977.
300 |a1 ressource en ligne (12 pages)
336 |atexte|btxt|2rdacontent/fre
337 |ainformatique|bc|2rdamedia/fre
338 |aressource en ligne|bcr|2rdacarrier/fre
500 |aÉdition numérisée de l’imprimé [par Innovation, sciences et développement économique Canada].
500 |aPublié aussi en anglais sous le titre : Management profile of the Canadian footwear industry : summary.
650 6|aChaussures|xIndustrie|zCanada|vStatistiques.
650 6|aChaussures|xIndustrie|zCanada|xGestion|vStatistiques.
655 7|aStatistiques|2rvmgf
7101 |aCanada. |bMinistère de l'industrie et du commerce, |eorganisme de publication.
77508|tManagement profile of the Canadian footwear industry : |w(CaOODSP)9.934441
85640|qPDF|s408 Ko|uhttps://publications.gc.ca/collections/collection_2025/isde-ised/Id46-29-1977-1-fra.pdf